[Event "Nassau CC-ch"]
[Site "Nassau"]
[Date "2000.10.23"]
[Round "2"]
[White "Guevara, Robert N"]
[Black "Russo, Frederick"]
[Result "1-0"]
[WhiteElo "1795"]
[BlackElo "1476"]
[PlyCount "109"]
[EventDate "2000.10.??"]
[EventType "swiss"]
[EventRounds "10"]
[EventCountry "USA"]
[SourceTitle "EXT 2003"]
[Source "ChessBase"]
[SourceDate "2002.11.25"]
[SourceVersion "1"]
[SourceVersionDate "2002.11.25"]
[SourceQuality "1"]

1. d4 d5 2. c4 c6 3. Nf3 Nf6 4. Nc3 Bf5 5. Bf4 h6 6. e3 e6 7. Bd3 Bxd3 8. Qxd3 Bd6 9. Ne5 0-0 10. 0-0 dxc4 11. Qxc4 Qc7 12. Rac1 Nbd7 13. Nb5 cxb5 14. Qxc7 Bxc7 15. Rxc7 Nxe5 16. Bxe5 b6 17. Bxf6 gxf6 18. Rfc1 a5 19. Kf1 Rfe8 20. Ke2 Kg7 21. Rb7 Rac8 22. Rcc7 Rxc7 23. Rxc7 f5 24. Kd3 Rd8 25. Rc6 Rb8 26. Kc3 b4+ 27. Kb3 b5 28. Ra6 a4+ 29. Kxb4 Kf6 30. Ra5 Rc8 31. Rxb5 Rc2 32. Kxa4 Rxf2 33. Kb3 Rxg2 34. a4 Rg8 35. a5 Ra8 36. Ka4 Kg5 37. Rb7 Kg4 38. Rxf7 Kf3 39. Re7 Kxe3 40. Rxe6+ Kxd4 41. Rxh6 f4 42. Rf6 Ke5 43. Rf7 Ke4 44. b4 f3 45. b5 Ke3 46. b6 Re8 47. b7 f2 48. Rxf2 Kxf2 49. a6 Re4+ 50. Kb5 Re1 51. a7 Rb1+ 52. Kc6 Rc1+ 53. Kd7 Rd1+ 54. Ke7 Re1+ 55. Kf7 1-0